000 00221nam a2200097Ia 4500
008 170619s9999 xx 000 0 und d
100 _aTHANGRIS
245 0 _aCOMPUTER ORIENTED NUMERICAL METHODS
260 _bPHI
260 _c2009
546 _aENGLISH
999 _c19445
_d19445